| 000 | 01743nam a2200265Ia 4500 | ||
|---|---|---|---|
| 999 |
_c46175 _d46175 |
||
| 001 | 13007 | ||
| 003 | GE_BSU | ||
| 005 | 20240812175344.0 | ||
| 008 | 181216s2009||||ge |||||||||||||| ||geo|| | ||
| 020 | _a978-9941-13-136-3 | ||
| 040 | _cGE_BSU | ||
| 041 | _ageo | ||
| 080 | _a821.353.1.09-7+821.353.1(092)ვაჟა ფშაველა კ-49 | ||
| 100 |
_aკიკნაძე, გრიგოლ _915204 |
||
| 245 |
_aთხზულებანი : 5 ტომად. ტ. 5 / _c გრიგოლ კიკნაძე ; რედ. ინეზა კიკნაძე ; სარედ. კოლ.: ნიკო ბერძენიშვილი და სხვ. ; თსუ, ახ. ქართ. ლიტ. ისტორიის კათედრა, ვაჟას კაბინეტი, ილიას კაბინეტი, აკაკის კაბინეტი. |
||
| 264 |
_aთბილისი : _bთბილისის უნ-ტის გამ-ბა, _c2009. |
||
| 300 |
_a306 გვ. ; _c20 სმ. |
||
| 653 | _aთხზულებანი | ||
| 653 | _aლიტერატურული პრობლემები | ||
| 653 | _aხელოვნების სამყაროში | ||
| 653 | _aრეცენზიები, შენიშვნები და შთაბეჭდილებები | ||
| 700 |
_aკიკნაძე, ინეზა _eრედაქტორი _915205 |
||
| 710 |
_aთსუ _bახ. ქართ. ლიტ. ისტორიის კათედრა, ვაჟას კაბინეტი, ილიას კაბინეტი, აკაკის კაბინეტი. _923070 |
||
| 942 |
_cBK _2udc |
||